[Event "Nahariagun op 21st"]
[Site "Nahariagun"]
[Date "2023.10.22"]
[Round "2"]
[White "Tapu, Kaji"]
[Black "Singh, Y Dhanabir"]
[Result "0-1"]
[WhiteElo "1364"]
[BlackElo "2004"]
[PlyCount "97"]
[EventDate "2023.10.21"]
[EventType "swiss"]
[EventRounds "9"]
[EventCountry "IND"]
[SourceTitle "Mega2024 Update 01"]
[Source "Chessbase"]
[SourceDate "2023.11.12"]
[SourceVersion "1"]
[SourceVersionDate "2023.11.12"]
[SourceQuality "1"]

1. e4 c5 2. c4 Nc6 3. g3 Nf6 4. Bg2 d6 5. h3 g6 6. d3 Bg7 7. Nc3 0-0 8. Nge2 Nd4 9. 0-0 e5 10. Rb1 Be6 11. b4 b6 12. b5 Qd7 13. Kh2 h5 14. f4 Rac8 15. fxe5 dxe5 16. Nd5 Bxd5 17. exd5 Ne8 18. Nxd4 cxd4 19. Bg5 Nd6 20. Qe2 f5 21. h4 Rfe8 22. Qd2 Kh7 23. Rbe1 Nf7 24. Bh3 Bh6 25. Bxh6 Nxh6 26. Qg5 Qd8 27. Qxd8 Rcxd8 28. Bg2 Nf7 29. Rd1 Kg7 30. Rf2 Kf6 31. Bf3 Ke7 32. a4 Nd6 33. Re2 Kf6 34. Bg2 Nb7 35. Ra2 Ke7 36. Re1 Kd6 37. Kg1 Re7 38. Rd1 Kc5 39. Rb2 e4 40. dxe4 fxe4 41. Rf1 Nd6 42. Rf6 Nxc4 43. Rc2 Kxd5 44. Rxg6 d3 45. Rc3 Kd4 46. Rc1 d2 47. Rd1 e3 48. Bf3 e2 49. Ra1 0-1